Towards a Social Investment Welfare State ? Ideas, policies and challenges Nathalie Morel, Bruno Palier, Joakim Palme (dir.), Bristol, The Policy Press, 2012, 386 p. (notice n° 1589636)

détails MARC
000 -LEADER
fixed length control field 01617cam a2200157 4500500
005 - DATE AND TIME OF LATEST TRANSACTION
control field 20251228064233.0
041 ## - LANGUAGE CODE
Language code of text/sound track or separate title fre
042 ## - AUTHENTICATION CODE
Authentication code dc
100 10 - MAIN ENTRY--PERSONAL NAME
Personal name Chaslot-Robinet, Sylvie
Relator term author
245 00 - TITLE STATEMENT
Title Towards a Social Investment Welfare State ? Ideas, policies and challenges Nathalie Morel, Bruno Palier, Joakim Palme (dir.), Bristol, The Policy Press, 2012, 386 p.
260 ## - PUBLICATION, DISTRIBUTION, ETC.
Date of publication, distribution, etc. 2013.<br/>
500 ## - GENERAL NOTE
General note 55
520 ## - SUMMARY, ETC.
Summary, etc. Le baromètre de la Drees permet d’apprécier comment ont évolué, depuis 2000, un certain nombre d’opinions, d’attentes et d’attitudes des Français d’âge actif vis-à-vis de la retraite. Les différences d’opinions concernant le système de retraite sont généralement très modérées entre jeunes et actifs plus âgés : la plupart s’avèrent partagées dans les mêmes proportions au sein de toutes les classes d’âge. Au cours des 10 dernières années, ces opinions exprimées vis-à-vis du système de retraite ont peu évolué. En revanche, les anticipations concernant l’âge de la retraite se sont sensiblement modifiées – les Français d’âge actif s’attendant à partir à la retraite de plus en plus tard. Il en est de même de la vision quant aux niveaux de vie des retraités actuels, la proportion de personnes pensant qu’il est moins bon que celui de l’ensemble de la population ayant très nettement augmenté au cours des années 2000.
786 0# - DATA SOURCE ENTRY
Note Retraite et société | 66 | 3 | 2013-12-01 | p. 160b-166b | 1167-4687
856 41 - ELECTRONIC LOCATION AND ACCESS
Uniform Resource Identifier <a href="https://shs.cairn.info/revue-retraite-et-societe1-2013-3-page-160b?lang=fr&redirect-ssocas=7080">https://shs.cairn.info/revue-retraite-et-societe1-2013-3-page-160b?lang=fr&redirect-ssocas=7080</a>

Pas d'exemplaire disponible.

PLUDOC

PLUDOC est la plateforme unique et centralisée de gestion des bibliothèques physiques et numériques de Guinée administré par le CEDUST. Elle est la plus grande base de données de ressources documentaires pour les Étudiants, Enseignants chercheurs et Chercheurs de Guinée.

Adresse

627 919 101/664 919 101

25 boulevard du commerce
Kaloum, Conakry, Guinée

Réseaux sociaux

Powered by Netsen Group @ 2025